Leaders of WWII - Statistics

General Stats
  • This quiz has been taken 150 times
  • The average score is 16 of 38
Answer Stats
Hint Answer % Correct
Germany Adolf Hitler
100%
Kingdom of Italy Benito Mussolini
93%
Empire of Japan (Emperor) Hirohito
93%
United Kingdom (Until July 26th, 1945) Winston Churchill
87%
Soviet Union Joseph Stalin
85%
United States (Until April 12th, 1945) Franklin D. Roosevelt
82%
United States (After April 12th, 1945) Harry S. Truman
77%
Free France Charles de Gaulle
68%
Republic of China Chiang Kai-shek
65%
Empire of Japan (Prime Minister 1941-1944) Hideki Tojo
61%
United Kingdom (Until May 10th 1940) Neville Chamberlain
61%
Shaan–Gan–Ning Border Region (Yan'an Soviet) Mao Zedong
58%
Spanish State Francisco Franco
57%
Yugoslav Partisans Josip Broz Tito
57%
Vichy France Philippe Petain
53%
Tsardom of Bulgaria (Monarch until August 28th, 1943) Boris III
38%
United Kingdom (After July 26th, 1945) Clement Attlee
37%
Kingdom of Hungary (Supreme Regent until October 16th, 1944) Miklos Horthy
35%
Vatican City Pius XII
33%
Norway (1942-1945) Vidkun Quisling
33%
Republic of Finland (Commander in Chief) Carl Gustaf Emil Mannerheim
32%
Manchukuo Puyi
32%
Iran (Until 1941) Reza Shah Pahlavi
32%
Estado Novo (Portugal) Antonio de Oliveira Salazar
30%
Canada William Lyon Mackenzie King
29%
Kingdom of Romania (1940-1944) Ion Antonescu
27%
Slovak Republic (1939–1945) Jozef Tiso
25%
Independent State of Croatia (1941-1945) Ante Pavelic
22%
United States of Brazil Getulio Vargas
21%
Mengjiang Demchugdongrub
20%
Reorganized National Government of the Republic of China Wang Jingwei
20%
Australia (Prime Minister 1941-1945) John Curtin
17%
Azad Hind Subhas Chandra Bose
14%
Thailand (Prime Minister until August 1st, 1944) Plaek Phibunsongkhram
13%
Republic of Turkiye Ismet Inonu
12%
Kingdom of Iraq (Prime Minister 1940-1941) Rashid Ali al-Gaylani
10%
State of Burma (1943-1945) Ba Maw
9%
Second Philippine Republic (1943-1945) Jose P. Laurel
7%
No matching quizzes found
Score Distribution
Percent of People with Each Score
Percentile by Number Answered
Your Score History
You have not taken this quiz